Lecciones sobre la historia del gobierno y legislación de España : (Record no. 162095)

MARC details
000 -LEADER
campo de control de longitud fija 01481nam a2200325 i 4500
001 - NÚMERO DE CONTROL
campo de control 162095
003 - IDENTIFICADOR DE NÚMERO DE CONTROL
campo de control ES-MaACL
005 - FECHA Y HORA DE LA ÚLTIMA TRANSACCIÓN
campo de control 20250809015522.0
008 - DATOS DE LONGITUD FIJA--INFORMACIÓN GENERAL
campo de control de longitud fija 931025s1880 sp |||| | spa d
040 ## - FUENTE DE CATALOGACIÓN
Centro/agencia transcriptor ES-MaACL
080 ## - NÚMERO DE LA CLASIFICACIÓN DECIMAL UNIVERSAL
Número de la Clasificación Decimal Universal 34(460)(091)
080 ## - NÚMERO DE LA CLASIFICACIÓN DECIMAL UNIVERSAL
Número de la Clasificación Decimal Universal 94(460)".../0711"
100 1# - ENTRADA PRINCIPAL--NOMBRE DE PERSONA
Nombre de persona Pidal, Pedro José,
Fechas asociadas al nombre 1799-1865
9 (RLIN) 174879
Término indicativo de función/relación Autor
245 10 - MENCIÓN DEL TÍTULO
Título Lecciones sobre la historia del gobierno y legislación de España :
Resto del título (desde los tiempos primitivos hasta la Reconquista) : pronunciadas en el Ateneo de Madrid en los años de 1841 y 1842 /
Mención de responsabilidad, etc. por Pedro José Pidal.
250 ## - MENCION DE EDICION
Mención de edición Ahora por primera vez dadas a luz.
260 ## - PUBLICACIÓN, DISTRIBUCIÓN, ETC.
Lugar de publicación, distribución, etc. Madrid :
Nombre del editor, distribuidor, etc. [s.n.],
Fecha de publicación, distribución, etc. 1880
Fabricante (Imp. de la Revista de Legislación, a cargo de M. Ramos)
300 ## - DESCRIPCIÓN FÍSICA
Extensión XXX, 312 páginas ;
Dimensiones 22 cm.
490 1# - MENCIÓN DE SERIE
Mención de serie Biblioteca jurídica de autores españoles ;
Designación de volumen o secuencia 6
530 ## - NOTA DISPONIBLE DE FORMULARIO FÍSICO ADICIONAL
Nota de formato físico adicional disponible Disponible en formato digital
610 24 - PUNTO DE ACCESO ADICIONAL DE MATERIA--NOMBRE DE ENTIDAD CORPORATIVA
Nombre de entidad corporativa o nombre de jurisdicción como elemento de entrada Ateneo de Madrid-
Subdivisión de forma Conferencias-
Subdivisión cronológica S.XIX.
9 (RLIN) 1910
650 04 - PUNTO DE ACCESO ADICIONAL DE MATERIA--TÉRMINO DE MATERIA
Término de materia o nombre geográfico como elemento de entrada Derecho-
Subdivisión geográfica España-
Subdivisión de forma Historia
9 (RLIN) 11614
651 #4 - PUNTO DE ACCESO ADICIONAL DE MATERIA--NOMBRE GEOGRÁFICO
Nombre geográfico España-
Subdivisión general Historia-
Subdivisión cronológica Hasta 414.
9 (RLIN) 148016
651 #7 - PUNTO DE ACCESO ADICIONAL DE MATERIA--NOMBRE GEOGRÁFICO
Nombre geográfico España-
Subdivisión general Historia-
Subdivisión cronológica 0414-0711, Época visigoda
9 (RLIN) 162046
830 0# - PUNTO DE ACCESO ADICIONAL DE SERIE-TÍTULO UNIFORME
Título uniforme Biblioteca jurídica de autores españoles ;
Designación de volumen o secuencia 6
9 (RLIN) 181120
852 ## - LOCALIZACIÓN
Ubicación ES-MaACL
Ubicación en estantería Sala Pecera Planta 2
Número de control de estantería F-14639
Encuadernación Tela
856 ## - LOCALIZACIÓN Y ACCESO ELECTRÓNICOS
Identificador Uniforme de Recursos <a href="https://bvpb.mcu.es/es/consulta/registro.do?id=591911">https://bvpb.mcu.es/es/consulta/registro.do?id=591911</a>
Texto de enlace Versión en línea
Nota pública (Biblioteca Virtual del Patrimonio Bibliográfico)
942 ## - ELEMENTOS DE ENTRADA SECUNDARIOS (KOHA)
Tipo de ítem Koha Libro impreso antiguo
Suprimir en OPAC No
Holdings
Estatus retirado Estado de pérdida Fuente del sistema de clasificación o colocación Estado de daño No para préstamo Colección Biblioteca de origen Biblioteca actual Ubicación en estantería Fecha de adquisición Total de préstamos Signatura topográfica completa Código de barras Visto por última vez Tipo de ítem Koha
    Clasificación decimal universal     Colección digital Biblioteca del Ateneo de Madrid Biblioteca del Ateneo de Madrid Sala Pecera Planta 2 17/01/2008   F-14639 1169805 23/02/2023 Libro impreso antiguo